000 00610nam a2200217Ia 4500
001 21991
008 140409s9999 xx 000 0 und d
020 _a0-13-081954-9
040 _cPK-LaUMT
082 _a 515
_bBRA-C
100 _aGerald L. Bradley
245 _aCalculus:
_bstudent mathematics handbook
_cGerald L. Bradley<>Karl J. Smith<>Steven W .Hahtley<>William Rudelius
250 _a2nd
260 _aUpper Saddle River,USA:
_bPrentice Hall,
_c1998
300 _a202 p.
546 _aEN
700 _aKarl J. Smith
700 _aSteven W .Hahtley
700 _aWilliam Rudelius
942 _cBK
999 _c22285
_d22285